000 00810nam a2200241 i 4500
001 bg
003 KOSZ 005
005 20200630132830.0
008 170601s1968 pl a f 000 0 pol
040 _cKOSZ 005/RW
_aKOSZ 005/RW
080 _a531.1/.2
080 _a(075.8)
100 1 _aLeyko, Jerzy
_d(1918-1995)
_eAutor
245 0 0 _aMechanika ogólna.
_nT. 1,
_pStatyka i kinematyka /
_cJerzy Leyko.
260 _aWarszawa :
_bPaństwowe Wydawnictwo Naukowe,
_c1968.
300 _a392 s. :
_brys., wykr. ;
_c25 cm.
380 _aKsiążki
655 _aPodręczniki akademickie
650 9 _aMechanika
710 2 _aPaństwowe Wydawnictwo Naukowe
_4pbl.
856 _uhttp://koha.tu.koszalin.pl/cgi-bin/koha/opac-detail.pl?biblionumber=25368
_yKatalog online BPK
942 _cKS
_2UKD
999 _c25368
_d25368